000
00280nmm a2200097Ia 4500
008
220120s9999||||xx |||||||||||||||||und||
020
_a
81-203-2165-0
100
_a
Digit
245
0
_a
Easy to use, light wait linux, desktop distrubution, based o
260
_a
Nine dot Nine
_b
New Delhi
999
_c
139930
_d
139930